| 000 | 00395nam a22001457a 4500 | ||
|---|---|---|---|
| 008 | 250709b |||||||| |||| 00| 0 eng d | ||
| 020 | _a9783692550 | ||
| 050 |
_aDT515.844 _b.N54 |
||
| 100 | _aAkinterinwa Bola .A. | ||
| 245 | _aNigeria's New Foreign Policy Trust | ||
| 260 |
_aIbadan _bVantage Publishers Ltd _c2004 |
||
| 300 | _axxxv, 517p. | ||
| 650 | _aNigeria-Foreign relations | ||
| 942 | _cBK | ||
| 999 |
_c4220 _d4220 |
||